000
00277nam a22001217a 4500
003
OSt
008
250205b |||||||| |||| 00| 0 eng d
041
_a
eng
100
_a
Byers, Robert
_9
7074
245
_a
d Base Programmers Utilities
260
_b
BPB Publications
942
_c
BK
999
_c
19303
_d
19303